ბათუმის შოთა რუსთაველის სახელმწიფო უნივერსიტეტის ბიბლიოთეკა

სამკურნალო მცენარეთა მავნებლები, უმთავრესი მათგანის გამოვლინება და ბრძოლის ღონისძიებების დამუშავება საქართველოში / (ბიბ.ჩანაწერი № 51699)

000 -ლიდერი
ფიქსირებული სიგრძის საკონტროლო ველი 01842nam a2200253Ia 4500
001 - საკონტროლო ნომერი
საკონტროლო ველი 18690
003 - საკონტროლო ნომრის იდენტიფიკატორი
საკონტროლო ველი GE_BSU
005 - ბოლო ოპერაციის თარიღი და დრო
საკონტროლო ველი 20210412171312.0
008 - ფიქსირებული სიგრძის მონაცემთა ელემენტები - ზოგადი ინფორმაცია
ფიქსირებული სიგრძის საკონტროლო ველი 181216s2015||||ge |||||||||||||| ||geo||
040 ## - კატალოგიზაციის წყარო
Transcribing agency GE_BSU
041 ## - ენის კოდი
Language code of text/sound track or separate title geo
080 ## - უნივერსალური ათობითი კლასიფიკაციის ინდექსი
Universal Decimal Classification number 58 გ-48
100 ## - მთავარი ჩანაწერი - პიროვნების სახელი
Personal name გიგოლაშვილი, სოფიო
9 (RLIN) 11243
245 ## - ცნობა სათაურის შესახებ
Title სამკურნალო მცენარეთა მავნებლები, უმთავრესი მათგანის გამოვლინება და ბრძოლის ღონისძიებების დამუშავება საქართველოში /
Statement of responsibility, etc სოფიო გიგოლაშვილი; სამეცნიერო ხელმძღვანელი გ. ალექსიძე. რ. ჯაბნიძე;ბათუმის შოთა რუსთაველის სახ-ფო უნ-ტი. ტექნოლ. ფაკ-ტი
264 ## - წარმოების, გამოცემის, დისტრიბუციის და სხვა ცნობები
გამოცემის, წარმოების, დისტრიბუციის... ადგილი ბათუმი,
გამოცემის, წარმოების, დისტრიბუციის... თარიღი 2015.
300 ## - ფიზიკური აღწერა
Extent 151გვ. ;
Other physical details 30 სმ.
Accompanying material +1CD
653 ## - INDEX TERM--UNCONTROLLED
Uncontrolled term ბოტანიკა
653 ## - INDEX TERM--UNCONTROLLED
Uncontrolled term დისერტაცია
653 ## - INDEX TERM--UNCONTROLLED
Uncontrolled term სამკურნალო მცენარეთა მავნებლები, უმთავრესი მათგანის გამოვლინება და ბრძოლის ღონისძიებების დამუშავება საქართველოში.
700 ## - ADDED ENTRY--PERSONAL NAME
Personal name ალექსიძე, გ.
Relator term სამეცნიერო ხელმძღვანელი
9 (RLIN) 11244
700 ## - ADDED ENTRY--PERSONAL NAME
Personal name ჯაბნიძე, რ.
Relator term სამეცნიერო ხელმძღვანელი
9 (RLIN) 1796
710 ## - ADDED ENTRY--CORPORATE NAME
Corporate name or jurisdiction name as entry element ბსუ
Subordinate unit ტექნოლოგიური ფაკულტეტი
9 (RLIN) 11245
942 ## - ADDED ENTRY ELEMENTS (KOHA)
Koha item type წიგნი
Source of classification or shelving scheme
ეგზემპლარები
ჩამოწერის სტატუსი დაკარგული ეგზემპლარის სტატუსი კლასიფიკაციის წყარო ან თაროზე გაწყობის სქემა დაზიანების სტატუსი არ გაიცემა მუდმივი მდებარეობა (დაცვის ადგილი) ამჟამინდელი ადგილსამყოფელი თაროზე განთავსების ადგილი შეძენის თარიღი სრული შენახვის შიფრი შტრიხკოდი ბოლო ოპერაციის თარიღი ეგზემპლარის მიმდევრობითი ნომერი (კეტერი?) ფასის ძალაში შესვლის თარიღი ეგზემპლარის სახეობა
          ბათუმის შოთა რუსთაველის სახელმწიფო უნივერსიტეტის მთავარი ბიბლიოთეკა ბათუმის შოთა რუსთაველის სახელმწიფო უნივერსიტეტის მთავარი ბიბლიოთეკა წიგნსაცავი 2018-12-17 58 გ-48 224 დისერტ. 2018-12-17 224 2018-12-17 დისერტაცია